000 00401nam a22001697a 4500
003 koha_MIRAKIL
005 20231213065259.0
008 231213b |||||||| |||| 00| 0 ||| d
040 _aTR-IsEVY
_btur
_cTR-IsEVY
082 _a800 EFE/T
100 _aEFE, NECDET RÜŞTÜ.
245 0 _aTÜRK NÜKTECİLERİ.
260 _bNEBİOĞLU,
300 _a[ ] p.
650 _aEdebiyat.
942 _2ddc
_cBK
999 _c978
_d978